Daňová optimalizácia a jej aplikácia na vybrané daňové subjekty diplomová práca

Salvato in:
Dettagli Bibliografici
Autore principale: Pástorová, Lýdia
Ente Autore: Národohospodárska fakulta EU. Katedra financií
Altri autori: Schultzová, Anna
Natura: Libro
Lingua:slovacco
Pubblicazione: Bratislava 2015
Tags: Aggiungi Tag
Nessun Tag, puoi essere il primo ad aggiungerne!!

MARC

LEADER 00000nbm a2200000 4500
001 0201058
005 20161212095212.3
041 0 |a slo 
044 |a SK 
245 1 0 |a Daňová optimalizácia a jej aplikácia na vybrané daňové subjekty  |b diplomová práca  |c Lýdia Pástorová ; školiteľ: Anna Schultzová 
264 1 |a Bratislava  |c 2015 
300 |a 72 s. 
100 1 |a Pástorová, Lýdia 
700 1 |a Schultzová, Anna 
710 2 |a Národohospodárska fakulta EU. Katedra financií